<?xml version="1.0" encoding="UTF-8"?><?xml-stylesheet type="text/xsl" href="static/style.xsl"?><OAI-PMH xmlns="http://www.openarchives.org/OAI/2.0/" xmlns:xsi="http://www.w3.org/2001/XMLSchema-instance" xsi:schemaLocation="http://www.openarchives.org/OAI/2.0/ http://www.openarchives.org/OAI/2.0/OAI-PMH.xsd"><responseDate>2026-04-13T06:58:45Z</responseDate><request verb="GetRecord" identifier="oai:www.recercat.cat:10256/25110" metadataPrefix="marc">https://recercat.cat/oai/request</request><GetRecord><record><header><identifier>oai:recercat.cat:10256/25110</identifier><datestamp>2024-10-29T21:04:39Z</datestamp><setSpec>com_2072_452955</setSpec><setSpec>com_2072_2054</setSpec><setSpec>col_2072_452961</setSpec></header><metadata><record xmlns="http://www.loc.gov/MARC21/slim" xmlns:dcterms="http://purl.org/dc/terms/" xmlns:xsi="http://www.w3.org/2001/XMLSchema-instance" xmlns:doc="http://www.lyncode.com/xoai" xsi:schemaLocation="http://www.loc.gov/MARC21/slim http://www.loc.gov/standards/marcxml/schema/MARC21slim.xsd">
   <leader>00925njm 22002777a 4500</leader>
   <datafield ind2=" " ind1=" " tag="042">
      <subfield code="a">dc</subfield>
   </datafield>
   <datafield ind2=" " ind1=" " tag="720">
      <subfield code="a">Franco Seguí, Joan</subfield>
      <subfield code="e">author</subfield>
   </datafield>
   <datafield ind2=" " ind1=" " tag="720">
      <subfield code="a">Alsina, Àngel</subfield>
      <subfield code="e">author</subfield>
   </datafield>
   <datafield ind2=" " ind1=" " tag="260">
      <subfield code="c">2024-06-30</subfield>
   </datafield>
   <datafield ind2=" " ind1=" " tag="520">
      <subfield code="a">The objective of this article is to provide strategies, resources and activities to develop statistical and probabilistic literacy in Primary Education (10-12 years). To do this, in the first part the importance of such literacy is argued and strategies and resources are described from the Mathematics Teaching Itineraries Approach; additionally, a proposal for content distribution by levels is presented. In the second part, an itinerary proposal is presented based on the teaching contexts proposed by the EIEM: everyday life situations, manipulative materials, games, technological resources and graphic resources. It is concluded that the proposed teaching itineraries are a beneficial resource that allow increasing the presence of statistics and probability in Primary Education classrooms and, at the same time, are the starting point for the design of new itineraries</subfield>
   </datafield>
   <datafield ind2=" " ind1=" " tag="520">
      <subfield code="a">El objetivo de este artículo es aportar estrategias, recursos y actividades&#xd;
para desarrollar la alfabetización estadística y probabilística en Educación Primaria (10-12 años). Para ello, en la primera parte se argumenta la&#xd;
importancia de dicha alfabetización y se describen estrategias y recursos&#xd;
a partir del Enfoque de los Itinerarios de Enseñanza de las Matemáticas;&#xd;
adicionalmente, se presenta una propuesta de distribución de contenidos por niveles. En la segunda parte, se presenta una propuesta de itinerario a partir de los contextos de enseñanza propuestos por el EIEM:&#xd;
situaciones de vida cotidiana, materiales manipulativos, juegos, recursos&#xd;
tecnológicos y recursos gráficos. Se concluye que los itinerarios de enseñanza propuestos pueden ser un recurso para aumentar la presencia de&#xd;
la estadística y la probabilidad en las aulas de Educación Primaria y, a la&#xd;
vez, pueden ser el punto de partida para el diseño de nuevos itinerarios</subfield>
   </datafield>
   <datafield ind1="8" ind2=" " tag="024">
      <subfield code="a">http://hdl.handle.net/10256/25110</subfield>
   </datafield>
   <datafield tag="653" ind2=" " ind1=" ">
      <subfield code="a">Estadística -- Ensenyament -- Educació primària</subfield>
   </datafield>
   <datafield tag="653" ind2=" " ind1=" ">
      <subfield code="a">Statistics -- Study and teaching (Primary)</subfield>
   </datafield>
   <datafield tag="653" ind2=" " ind1=" ">
      <subfield code="a">Probabilitats -- Ensenyament -- Educació primària</subfield>
   </datafield>
   <datafield tag="653" ind2=" " ind1=" ">
      <subfield code="a">Probabilities -- Study and teaching (Primary)</subfield>
   </datafield>
   <datafield ind2="0" ind1="0" tag="245">
      <subfield code="a">La estadística y la probabilidad en Educación Primaria: un itinerario didáctico de enseñanza para niños de 10 a 12 años</subfield>
   </datafield>
</record></metadata></record></GetRecord></OAI-PMH>